Cómo investigar en educación
Zapisane w:
| 1. autor: | |
|---|---|
| Format: | Książka |
| Język: | hiszpański |
| Wydane: |
Madrid
Morata
1974
|
| Wydanie: | 3a. ed |
| Seria: | Filosofía, Psicología, Pedagogía
|
| Hasła przedmiotowe: | |
| Etykiety: |
Dodaj etykietę
Nie ma etykietki, Dołącz pierwszą etykiete!
|
MARC
| LEADER | 00000nam a2200000 a 4500 | ||
|---|---|---|---|
| 001 | UCV3840 | ||
| 003 | CL-VaPUC | ||
| 008 | 871001e19740000SP |||||||||||||||||spa|d | ||
| 020 | |a 8471120992 | ||
| 082 | 0 | 4 | |a 370.78 |b BES |2 21 |
| 100 | 0 | |a Best, John W |e author |9 298231 | |
| 245 | 1 | 0 | |a Cómo investigar en educación |
| 250 | |a 3a. ed | ||
| 300 | |a 386 p | ||
| 942 | |c BK | ||
| 945 | |d 19871001 00:00:00 | ||
| 260 | |a Madrid |b Morata |c 1974 | ||
| 650 | 0 | |a Educación |9 258661 | |
| 650 | 0 | |a Investigación |9 257811 | |
| 583 | |a last modification |c 19871001 00:00:00 |k Rodrigo Vera | ||
| 490 | 0 | |a Filosofía, Psicología, Pedagogía | |
| 999 | |c 210962 |d 210960 | ||
| 952 | |0 0 |1 0 |4 0 |6 370_780000000000000_BES_1974 |7 0 |8 P |9 188099 |a BIBEDU |b BIBEDU |c BIBEDU_PB |d 2019-11-14 |i 2555476 |o 370.78 BES 1974 |p 2555476 |r 2024-01-25 |w 2019-11-14 |y BK |k EDU | ||
| 952 | |0 0 |1 0 |4 0 |6 370_780000000000000_BES_1974 |7 0 |8 P |9 188100 |a BIBEDU |b BIBEDU |c BIBEDU_PB |d 2019-11-14 |i 2555492 |o 370.78 BES 1974 |p 2555492 |r 2024-01-25 |w 2019-11-14 |y BK |k EDU | ||
| 952 | |0 0 |1 0 |4 0 |6 370_780000000000000_BES_1974 |7 0 |8 P |9 188101 |a BIBEDU |b BIBEDU |c BIBEDU_PB |d 2019-11-14 |i 2555506 |o 370.78 BES 1974 |p 2555506 |r 2024-01-25 |w 2019-11-14 |y BK |k EDU | ||
| 952 | |0 0 |1 0 |4 0 |6 370_780000000000000_BES_1974 |7 0 |8 P |9 188102 |a BIBEDU |b BIBEDU |c BIBEDU_PB |d 2019-11-14 |i 2555522 |o 370.78 BES 1974 |p 2555522 |r 2024-01-25 |w 2019-11-14 |y BK |k EDU | ||
| 952 | |0 0 |1 0 |4 0 |6 370_780000000000000_BES_1974 |7 0 |8 A |9 188103 |a BIBGIM |b BIBGIM |d 2019-11-14 |i 2555530 |o 370.78 BES 1974 |p 2555530 |r 2025-01-15 |w 2019-11-14 |y BK |k SSL | ||
| 952 | |0 0 |1 0 |4 0 |6 370_780000000000000_BES_1974 |7 0 |8 A |9 188104 |a BIBENE |b BIBENE |d 2019-11-14 |i 2555549 |o 370.78 BES 1974 |p 2555549 |r 2025-01-15 |w 2019-11-14 |y BK |k ICO | ||
| 952 | |0 0 |1 0 |4 0 |6 370_780000000000000_BES_1974 |7 0 |8 A |9 188105 |a BIBEDU |b BIBEDU |d 2019-11-14 |i 2555573 |l 1 |o 370.78 BES 1974 |p 2555573 |r 2024-10-14 |s 2024-10-14 |w 2019-11-14 |y BK |k MUS | ||
| 952 | |0 0 |1 0 |4 0 |6 370_780000000000000_BES_1974 |7 0 |8 P |9 188107 |a BIBEDU |b BIBEDU |c BIBEDU_PB |d 2019-11-14 |i 4098250 |o 370.78 BES 1974 |p 4098250 |r 2024-01-25 |w 2019-11-14 |y BK |k EDI | ||
| 952 | |0 0 |1 0 |4 0 |6 370_780000000000000_BES_1974 |7 0 |8 P |9 188108 |a BIBEDU |b BIBEDU |c BIBEDU_PB |d 2019-11-14 |i 4098269 |o 370.78 BES 1974 |p 4098269 |r 2024-01-25 |w 2019-11-14 |y BK |k EDI | ||